| 000 | 00862nam a22002417a 4500 | ||
|---|---|---|---|
| 005 | 20250403155355.0 | ||
| 008 | 250403b |||||||| |||| 00| 0 eng d | ||
| 020 | _a978-0-19-779750-1 (hbk) | ||
| 037 | _cTB | ||
| 040 |
_aCRL _cCRL |
||
| 041 |
_2eng _aeng _hsan |
||
| 084 |
_aO15,1A2:g 111R4 _qCRL |
||
| 100 |
_aPillai, Sohini Sarah _9751811 |
||
| 245 |
_aKrishna's mahabharatas: _bDevotional retellings of an epic narrative |
||
| 260 |
_aOxford, UK: _bOxford University Press, _c2024. |
||
| 300 | _axii, 278p. | ||
| 365 |
_b1095.00 _cINR |
||
| 546 | _aTranslated from Sanskrit to English | ||
| 650 | _aSanskrit Literature | ||
| 650 |
_aSanskrit Poetry _9155567 |
||
| 942 |
_2CC _cTB _hO15,1A2:g 111R4 _n0 |
||
| 999 |
_c1308442 _d1308442 |
||